Country most populous neighbour connect - Statistics

General Stats
  • This quiz has been taken 2,513 times
  • The average score is 103 of 152
Answers on the Map
Answers color-coded by a green-red scale on the quiz's map according to % correct below.
 
Answer Stats
x y Country % Correct
615.0 140.9 China
100%
556 185.9 India
99%
535.7 164.2 Pakistan
97%
501.3 152.5 Iran
95%
460.3 130.6 Turkey
94%
478.8 149.9 Iraq
93%
482.1 179.9 Saudi Arabia
92%
488.3 208.2 Yemen
92%
509.33 187.2 Oman
91%
502.0 182.5 United Arab Emirates
91%
462.3 158.9 Jordan
84%
447.0 171.3 Egypt
83%
467.0 143.0 Syria
83%
470.0 234.2 Ethiopia
82%
459.0 157.0 Israel
82%
465.8 259.9 Kenya
82%
448.5 209.5 Sudan
82%
433.0 267.2 Democratic Republic of the Congo
81%
459.1 282.5 Tanzania
81%
453.1 256.6 Uganda
80%
447.8 272.6 Burundi
79%
447.8 267.7 Rwanda
79%
384.2 167.2 Algeria
78%
407.0 247.0 Cameroon
78%
427.6 239.0 Central African Republic
78%
386 105 France
78%
366.0 153.5 Morocco
78%
403.3 203.9 Niger
78%
398.0 230.8 Nigeria
78%
449.6 239.5 South Sudan
78%
372 127.5 Spain
78%
234.0 373.0 Argentina
76%
236.0 319.0 Bolivia
76%
266 294 Brazil
76%
143 66 Canada
76%
218 384 Chile
76%
216.3 247.5 Colombia
76%
192.0 228.0 Costa Rica
76%
204.0 265.5 Ecuador
76%
177.4 210.0 Guatemala
76%
248 242 Guyana
76%
184.5 210.7 Honduras
76%
151.0 182.0 Mexico
76%
188.2 218.1 Nicaragua
76%
198 232.5 Panama
76%
248.9 339.7 Paraguay
76%
208 292 Peru
76%
254.4 248.1 Suriname
76%
153 129 United States
76%
254.9 370.2 Uruguay
76%
232 235 Venezuela
76%
180.9 203.6 Belize
75%
180.4 215.0 El Salvador
75%
404.0 89.9 Germany
75%
423.6 87.1 Poland
75%
436.7 107.1 Romania
75%
577 52 Russia
75%
450.6 96.0 Ukraine
75%
414.2 100.9 Austria
74%
424.4 103.1 Hungary
74%
416.4 124.2 Italy
74%
398.4 103.5 Switzerland
74%
402.0 103.1 Liechtenstein
73%
413.0 106.5 Slovenia
73%
425.5 124.0 Albania
72%
421.0 113.0 Bosnia and Herzegovina
72%
437.8 117.9 Bulgaria
72%
418.0 108.0 Croatia
72%
430 129 Greece
72%
427.5 118.5 Kosovo
72%
423.7 117.8 Montenegro
72%
429.5 121.7 North Macedonia
72%
427.6 113.0 Serbia
72%
443.4 81.2 Belarus
68%
414.0 93.8 Czech Republic
68%
444.4 102.0 Moldova
68%
408.5 113.9 San Marino
68%
423.0 98.0 Slovakia
68%
408.5 120.7 Vatican City
68%
439.0 64.8 Estonia
67%
438.0 70.6 Latvia
67%
434.3 76.3 Lithuania
67%
528.0 149.2 Afghanistan
63%
533.0 100.0 Kazakhstan
63%
548.0 122.0 Kyrgyzstan
63%
665.7 127 North Korea
63%
669 139 South Korea
63%
545.2 133.5 Tajikistan
63%
513.0 130.6 Turkmenistan
63%
525 122.5 Uzbekistan
63%
480.5 125.0 Armenia
62%
487.6 125.0 Azerbaijan
62%
391.0 91.0 Belgium
62%
437 52 Finland
62%
479 120 Georgia
62%
614.2 104.1 Mongolia
62%
393 86.9 Netherlands
62%
401.7 57 Norway
62%
414.3 60.5 Sweden
62%
401.5 73.5 Denmark
61%
394.3 94.2 Luxembourg
61%
384.0 118.7 Andorra
58%
361.7 127.6 Portugal
57%
385.7 225.0 Benin
56%
377.0 219.0 Burkina Faso
56%
344 216 Gambia
56%
378.2 234.5 Ghana
56%
353.3 224.2 Guinea
56%
368.0 235.9 Ivory Coast
56%
377 202.2 Mali
56%
354 195.5 Mauritania
56%
397.2 114.5 Monaco
56%
347 212 Senegal
56%
383.0 232.4 Togo
56%
422.6 209.4 Chad
55%
347.7 220.3 Guinea-Bissau
55%
359.2 239.6 Liberia
55%
419.3 172.9 Libya
55%
354.0 232.9 Sierra Leone
55%
401 148 Tunisia
55%
420.0 301.2 Angola
54%
435.0 336.1 Botswana
54%
451.3 350.1 Eswatini
54%
406.5 264 Gabon
54%
444.0 360.5 Lesotho
54%
456.0 307.0 Malawi
54%
467 309.5 Mozambique
54%
418 328 Namibia
54%
416.9 260.5 Republic of the Congo
54%
488 230 Somalia
54%
431 365 South Africa
54%
438 310 Zambia
54%
447.0 325.0 Zimbabwe
54%
583.0 181.8 Bangladesh
53%
476.4 221.6 Djibouti
53%
404.0 255.8 Equatorial Guinea
53%
466.3 209.2 Eritrea
53%
487.0 162.9 Kuwait
53%
461.7 146.8 Lebanon
53%
597.0 188.5 Myanmar
53%
608.0 207.9 Thailand
53%
584.1 169.4 Bhutan
52%
638.6 246.1 Brunei
52%
616.0 219.1 Cambodia
52%
664.3 290.8 East Timor
52%
635.5 264 Indonesia
52%
610.3 247.2 Malaysia
52%
569.8 166.5 Nepal
52%
703.7 282.4 Papua New Guinea
52%
495.7 176.2 Qatar
52%
624.3 219.9 Vietnam
52%
610.3 194.9 Laos
51%
No matching quizzes found
Score Distribution
Percent of People with Each Score
Percentile by Number Answered
Your Score History
You have not taken this quiz